<?xml version="1.0" encoding="UTF-8"?><marc:collection xmlns:marc="http://www.loc.gov/MARC21/slim">
  <marc:record>
    <marc:leader>00000nam  2200000za 4500</marc:leader>
    <marc:controlfield tag="001">9.837753</marc:controlfield>
    <marc:controlfield tag="003">CaOODSP</marc:controlfield>
    <marc:controlfield tag="005">20250909141849</marc:controlfield>
    <marc:controlfield tag="007">cr |||||||||||</marc:controlfield>
    <marc:controlfield tag="008">170606s2017    onc     o    f000 0 eng d</marc:controlfield>
    <marc:datafield tag="040" ind1=" " ind2=" ">
      <marc:subfield code="a">CaOODSP</marc:subfield>
      <marc:subfield code="b">eng</marc:subfield>
    </marc:datafield>
    <marc:datafield tag="043" ind1=" " ind2=" ">
      <marc:subfield code="a">n-cn---</marc:subfield>
    </marc:datafield>
    <marc:datafield tag="086" ind1="1" ind2=" ">
      <marc:subfield code="a">Rv55-5/17-2-1-2017-1E-PDF</marc:subfield>
    </marc:datafield>
    <marc:datafield tag="245" ind1="0" ind2="4">
      <marc:subfield code="a">The coding, submission and processing of Form B2, Canada Customs Adjustment Request </marc:subfield>
      <marc:subfield code="h">[electronic resource].</marc:subfield>
    </marc:datafield>
    <marc:datafield tag="250" ind1=" " ind2=" ">
      <marc:subfield code="a">[May 3, 2017 edition].</marc:subfield>
    </marc:datafield>
    <marc:datafield tag="260" ind1=" " ind2=" ">
      <marc:subfield code="a">Ottawa : </marc:subfield>
      <marc:subfield code="b">Canada Border Services Agency, </marc:subfield>
      <marc:subfield code="c">2017.</marc:subfield>
    </marc:datafield>
    <marc:datafield tag="300" ind1=" " ind2=" ">
      <marc:subfield code="a">82 p.</marc:subfield>
    </marc:datafield>
    <marc:datafield tag="490" ind1="1" ind2=" ">
      <marc:subfield code="a">Memorandum, </marc:subfield>
      <marc:subfield code="x">2369-2391 ; </marc:subfield>
      <marc:subfield code="v">D17-2-1, May 3, 2017</marc:subfield>
    </marc:datafield>
    <marc:datafield tag="500" ind1=" " ind2=" ">
      <marc:subfield code="a">Title from caption.</marc:subfield>
    </marc:datafield>
    <marc:datafield tag="500" ind1=" " ind2=" ">
      <marc:subfield code="a">"Superseded Memorandum D: D17-2-1 dated January 26, 2017"--p. 82.</marc:subfield>
    </marc:datafield>
    <marc:datafield tag="500" ind1=" " ind2=" ">
      <marc:subfield code="a">Issued also in French under title: Codage, présentation et traitement d’un formulaire B2, Douanes Canada – Demande de rajustement.</marc:subfield>
    </marc:datafield>
    <marc:datafield tag="520" ind1=" " ind2=" ">
      <marc:subfield code="a">"This memorandum has been updated to: (a) correct the revised D-memorandum titles; (b) clarify the instructions regarding written authority to act as an agent; and (c) revise the address for the Recourse Directorate. This memorandum contains instructions for the completion, submission and processing of Form B2, Canada Customs Adjustment Request, to be followed by importers/agents when requesting adjustments to commercial transactions"--In brief, p. [1].</marc:subfield>
    </marc:datafield>
    <marc:datafield tag="692" ind1="0" ind2="7">
      <marc:subfield code="2">gccst</marc:subfield>
      <marc:subfield code="a">Imports</marc:subfield>
    </marc:datafield>
    <marc:datafield tag="692" ind1="0" ind2="7">
      <marc:subfield code="2">gccst</marc:subfield>
      <marc:subfield code="a">Forms</marc:subfield>
    </marc:datafield>
    <marc:datafield tag="692" ind1="0" ind2="7">
      <marc:subfield code="2">gccst</marc:subfield>
      <marc:subfield code="a">Customs and excise</marc:subfield>
    </marc:datafield>
    <marc:datafield tag="710" ind1="2" ind2=" ">
      <marc:subfield code="a">Canada Border Services Agency.</marc:subfield>
    </marc:datafield>
    <marc:datafield tag="775" ind1="0" ind2="8">
      <marc:subfield code="t">Codage, présentation et traitement d’un formulaire B2, Douanes Canada – Demande de rajustement </marc:subfield>
      <marc:subfield code="w">(CaOODSP)9.837754</marc:subfield>
    </marc:datafield>
    <marc:datafield tag="794" ind1=" " ind2=" ">
      <marc:subfield code="t">Adjusting commercial accounting declarations.</marc:subfield>
      <marc:subfield code="b">[October 21, 2024 edition]</marc:subfield>
      <marc:subfield code="w">(CaOODSP)9.954997</marc:subfield>
    </marc:datafield>
    <marc:datafield tag="795" ind1=" " ind2=" ">
      <marc:subfield code="t">The coding, submission and processing of Form B2, Canada Customs Adjustment Request </marc:subfield>
      <marc:subfield code="b">[January 26, 2017 edition]</marc:subfield>
      <marc:subfield code="w">(CaOODSP)9.832174</marc:subfield>
    </marc:datafield>
    <marc:datafield tag="830" ind1="#" ind2="0">
      <marc:subfield code="a">Customs D memoranda. D17, Accounting and release procedures,</marc:subfield>
      <marc:subfield code="x">2369-2391 ; </marc:subfield>
      <marc:subfield code="v">D17-2-1, May 3, 2017.</marc:subfield>
      <marc:subfield code="w">(CaOODSP)9.816825</marc:subfield>
    </marc:datafield>
    <marc:datafield tag="856" ind1="4" ind2="0">
      <marc:subfield code="q">PDF</marc:subfield>
      <marc:subfield code="s">16.65 MB</marc:subfield>
      <marc:subfield code="u">https://publications.gc.ca/collections/collection_2017/asfc-cbsa/Rv55-5-17-2-1-2017-1-eng.pdf</marc:subfield>
    </marc:datafield>
  </marc:record>
</marc:collection>
